Relationships between electronic information media and records management practices : results of a survey of United Nations organizations /

Bibliographic Details
Main Author: Bikson, Tora K., 1940-
Other Authors: Schieber, L.
Format: Book
Language:English
Published: Santa Monica, CA : Rand, [1990]
Series:Rand note ; N-3150-RC.
Subjects:

MARC

Tag First Indicator Second Indicator Subfields
LEADER 00000cam a2200000 a 4500
001 in00001433721
005 20151020101649.0
008 901025s1990 cau b 000 0 eng d
019 |a 22586088 
035 |a (OCoLC)22582704 
035 |9 AHS8328AM 
040 |a MUU  |c MUU  |d OCL  |d PIT  |d TXA  |d UtOrBLW 
049 |a TXAM 
090 |a JX1995  |b .B485 1990 
100 1 |a Bikson, Tora K.,  |d 1940- 
245 1 0 |a Relationships between electronic information media and records management practices :  |b results of a survey of United Nations organizations /  |c T.K. Bikson, L. Schieber. 
264 1 |a Santa Monica, CA :  |b Rand,  |c [1990] 
300 |a iii, 30 pages ;  |c 28 cm. 
336 |a text  |b txt  |2 rdacontent 
337 |a unmediated  |b n  |2 rdamedia 
338 |a volume  |b nc  |2 rdacarrier 
490 1 |a A Rand note ;  |v N-3150-RC 
500 |a "May 1990." 
504 |a Includes bibliographical references. 
650 0 |a International agencies  |x Communication systems. 
650 0 |a Electronic mail systems. 
650 0 |a Facsimile transmission. 
650 0 |a Teletype. 
650 0 |a Records  |x Management. 
700 1 |a Schieber, L. 
830 0 |a Rand note ;  |v N-3150-RC. 
948 |a cataloged  |b h  |c 2000/1/4  |d c  |e blrosas  |f 12:41:54 pm 
999 |a MARS 
999 f f |s b465dcbf-4ff8-32ba-b965-c5db18cdbe61  |i 9b0f0f13-f336-3383-8884-0b0689c4f4be  |t 0 
952 f f |p ric  |a Texas A&M University  |b Rellis Campus  |c Joint Library Facility  |d Remote Storage  |t 0  |e JX1995 .B485 1990  |h Library of Congress classification  |i unmediated -- volume  |m A14825577702 
998 f f |a JX1995 .B485 1990  |t 0  |l Remote Storage